000 01213nam0a22002531 4500
001 rc\850392
005 20041129092624.8
035 _a(NLR Aleph) 006031053
090 _a7528709
_c7528709
100 _a20041129d1983 u |0rusy50 ca
101 0 _arus
102 _aRU
105 _aa |||||||||
200 1 _aПалеогеографический анализ и стратиграфия антропогена Дальнего Востока
_e[Сб. ст.]
_fАН СССР, Дальневост. науч. центр, Тихоокеан. ин-т географии, Комис. по изуч. четвертич. периода на Дальнем Востоке
_g[Отв. ред. В.С. Пушкарь, А.М. Короткий]
210 _aВладивосток
_cДВНЦ АН СССР
_d1983
215 _a173 с.
_cил., карт.
_d21
320 _aБиблиогр. в конце ст.
702 1 _aПушкарь
_bВ. С.
_gВладимир Степанович
_4340
712 0 2 _aТихоокеанский ин-т географии
_cВладивосток
_3RU\NLR\AUTH\8815543
801 0 _aRU
_bNLR
_gpsbo
801 1 _aRU
_bELAR
_2rusmarc
852 _aNLR
_j84-5/1467
942 _cBOOK
980 _aNB